[Event "Victoria-ch U14/U16/U18"]
[Site "Box Hill"]
[Date "2005.04.30"]
[Round "6"]
[White "Schoen, Eugene"]
[Black "Potter, Michael"]
[Result "1-0"]
[WhiteElo "1343"]
[BlackElo "1299"]
[PlyCount "85"]
[EventDate "2005.05.05"]
[EventType "swiss"]
[EventRounds "8"]
[EventCountry "AUS"]
[SourceTitle "EXT 2018"]
[Source "ChessBase"]
[SourceDate "2017.10.13"]
[SourceVersion "1"]
[SourceVersionDate "2017.10.13"]
[SourceQuality "1"]

1. e4 e5 2. Nf3 Nc6 3. Bb5 a6 4. Ba4 d6 5. d4 b5 6. Bb3 Na5 7. dxe5 Nxb3 8. axb3 Bg4 9. exd6 Bxd6 10. h3 Bh5 11. 0-0 Ne7 12. Nc3 b4 13. Nd5 0-0 14. Nf4 Bxf4 15. Bxf4 Qxd1 16. Raxd1 Bxf3 17. gxf3 Ng6 18. Bg3 Rfd8 19. Rd3 Rxd3 20. cxd3 Rd8 21. Rd1 Rd7 22. d4 f6 23. Kf1 Ne7 24. Ke2 Nc6 25. d5 Na5 26. Rd3 c6 27. dxc6 Rxd3 28. Kxd3 Nxc6 29. Kc4 a5 30. Kc5 Nd8 31. Kd5 Kf7 32. f4 Ke7 33. f5 Kd7 34. f4 Nc6 35. e5 Ne7+ 36. Ke4 fxe5 37. fxe5 g6 38. e6+ Ke8 39. f6 Nc8 40. Kd5 h5 41. Bf4 Na7 42. f7+ Kf8 43. Bh6+ 1-0

[Event "Box Hill Victorian-ch U20"]
[Site "Box Hill"]
[Date "2005.04.23"]
[Round "2"]
[White "Schoen, Eugene"]
[Black "Lin, Zhigen Wilson"]
[Result "0-1"]
[WhiteElo "1343"]
[BlackElo "1852"]
[PlyCount "32"]
[EventDate "2005.04.23"]
[EventType "swiss"]
[EventRounds "7"]
[EventCountry "AUS"]
[SourceTitle "EXT 2010"]
[Source "ChessBase"]
[SourceDate "2010.11.25"]
[SourceVersion "1"]
[SourceVersionDate "2010.11.25"]
[SourceQuality "1"]

1. e4 e6 2. d4 d5 3. Nc3 Nf6 4. Bg5 dxe4 5. Nxe4 Be7 6. Nxf6+ Bxf6 7. Bxf6 Qxf6 8. Nf3 Nc6 9. c3 0-0 10. Bd3 e5 11. d5 Ne7 12. c4 Bg4 13. Be4 Qf4 14. Qe2 f5 15. Bd3 e4 16. Kd1 Ng6 0-1

[Event "Victoria-ch op"]
[Site "Box Hill"]
[Date "2004.06.13"]
[Round "4"]
[White "Chong, Trevor"]
[Black "Schoen, Eugene"]
[Result "1-0"]
[WhiteElo "1444"]
[BlackElo "1051"]
[PlyCount "29"]
[EventDate "2004.06.12"]
[EventType "swiss"]
[EventRounds "7"]
[EventCountry "AUS"]
[SourceTitle "EXT 2018"]
[Source "ChessBase"]
[SourceDate "2017.10.13"]
[SourceVersion "1"]
[SourceVersionDate "2017.10.13"]
[SourceQuality "1"]

1. c4 Nf6 2. Nc3 g6 3. b4 d6 4. Bb2 Nbd7 5. Nf3 Bg7 6. Qc2 b6 7. g3 Bb7 8. Bg2 e5 9. 0-0 Nf8 10. d4 exd4 11. Nxd4 Bxg2 12. Kxg2 Nh5 13. Qe4+ Kd7 14. Qc6+ Ke7 15. Nd5# 1-0

[Event "Victoria-ch op"]
[Site "Box Hill"]
[Date "2004.06.13"]
[Round "5"]
[White "Potter, Christopher"]
[Black "Schoen, Eugene"]
[Result "1-0"]
[WhiteElo "1426"]
[BlackElo "1051"]
[PlyCount "73"]
[EventDate "2004.06.12"]
[EventType "swiss"]
[EventRounds "7"]
[EventCountry "AUS"]
[SourceTitle "EXT 2018"]
[Source "ChessBase"]
[SourceDate "2017.10.13"]
[SourceVersion "1"]
[SourceVersionDate "2017.10.13"]
[SourceQuality "1"]

1. e4 d5 2. exd5 Qxd5 3. Nc3 Qa5 4. d4 c6 5. Bf4 Nf6 6. Bd3 Bg4 7. f3 Bh5 8. Nge2 Nbd7 9. a3 e6 10. b4 Qd8 11. 0-0 Be7 12. Ne4 0-0 13. Nxf6+ Nxf6 14. Kh1 Nd5 15. Bg3 Ne3 16. Qd2 Nxf1 17. Rxf1 a5 18. c3 axb4 19. axb4 Bd6 20. Bf2 Ra3 21. Bb1 Bg6 22. h4 Qa8 23. g4 Bxb1 24. Rxb1 Ra1 25. Rxa1 Qxa1+ 26. Kg2 Ra8 27. Qg5 h6 28. Qe3 Qb2 29. g5 hxg5 30. hxg5 Ra3 31. g6 Bxb4 32. gxf7+ Kf8 33. Qxe6 Be7 34. Nf4 g5 35. Ng6+ Kg7 36. Nxe7 Qc2 37. Nf5+ 1-0

[Event "Victoria-ch op"]
[Site "Box Hill"]
[Date "2004.06.12"]
[Round "2"]
[White "Potter, Matthew"]
[Black "Schoen, Eugene"]
[Result "1-0"]
[WhiteElo "1490"]
[BlackElo "1051"]
[PlyCount "99"]
[EventDate "2004.06.12"]
[EventType "swiss"]
[EventRounds "7"]
[EventCountry "AUS"]
[SourceTitle "EXT 2018"]
[Source "ChessBase"]
[SourceDate "2017.10.13"]
[SourceVersion "1"]
[SourceVersionDate "2017.10.13"]
[SourceQuality "1"]

1. e4 e5 2. f4 Bc5 3. Nf3 Nc6 4. Bc4 h6 5. Nc3 d6 6. d3 Bd7 7. Na4 Bb6 8. Nxb6 axb6 9. 0-0 Nf6 10. fxe5 dxe5 11. d4 exd4 12. Nxd4 0-0 13. Bd5 Nxd4 14. Qxd4 c6 15. Bc4 Qe7 16. e5 Ne8 17. Bf4 b5 18. Bd3 f5 19. Rf3 Nc7 20. Rg3 Ne6 21. Qf2 Nxf4 22. Qxf4 Qe6 23. a3 Rae8 24. Re1 Kh8 25. h4 c5 26. h5 c4 27. Rg6 Qg8 28. Bf1 Be6 29. Re3 Bf7 30. Rb6 Bxh5 31. Rxb7 Rb8 32. Rd7 Bg4 33. Be2 Bxe2 34. Rxe2 Rf7 35. e6 Rxd7 36. exd7 Rf8 37. Qd6 Rd8 38. Qe7 Kh7 39. Qe8 Qd5 40. Qxd8 Qd1+ 41. Kh2 Qxe2 42. Qe8 Qf2 43. d8Q Qf4+ 44. Kg1 Qc1+ 45. Kf2 Qf4+ 46. Ke2 Qg4+ 47. Ke3 f4+ 48. Kd4 Qd1+ 49. Kc3 Qg4 50. Qe4+ 1-0

[Event "Victoria-ch op"]
[Site "Box Hill"]
[Date "2004.06.12"]
[Round "1"]
[White "Schoen, Eugene"]
[Black "Miller, Anthony Christopher"]
[Result "0-1"]
[WhiteElo "1051"]
[BlackElo "1691"]
[PlyCount "156"]
[EventDate "2004.06.12"]
[EventType "swiss"]
[EventRounds "7"]
[EventCountry "AUS"]
[SourceTitle "EXT 2018"]
[Source "ChessBase"]
[SourceDate "2017.10.13"]
[SourceVersion "1"]
[SourceVersionDate "2017.10.13"]
[SourceQuality "1"]

1. e4 e6 2. d4 d5 3. Nc3 Nf6 4. e5 Nfd7 5. Nf3 c5 6. Ne2 cxd4 7. Nexd4 Nc6 8. c3 Ndxe5 9. Bb5 Nxf3+ 10. Qxf3 Bd7 11. 0-0 Nxd4 12. Bxd7+ Qxd7 13. cxd4 Bd6 14. Re1 0-0 15. Qg4 f5 16. Qh5 Rf6 17. Bg5 Rf7 18. Re3 Re8 19. g3 Be7 20. Bf4 Bb4 21. Rb3 Ba5 22. Rc1 Rc8 23. Rxc8+ Qxc8 24. Qe2 Qd7 25. Re3 Re7 26. a3 h6 27. h4 Re8 28. Kg2 Kh7 29. h5 Qf7 30. g4 g5 31. Bh2 f4 32. Qd3+ Kg8 33. Re2 Bc7 34. f3 Bb6 35. Bg1 Rc8 36. b4 Rc4 37. Rd2 Qf6 38. Kh3 Qf7 39. Qb3 Qh7 40. Kh2 Rc1 41. Rb2 Rxg1 42. Kxg1 Bxd4+ 43. Rf2 Bxf2+ 44. Kxf2 Qc7 45. Qa4 Qb6+ 46. Kg2 Qc6 47. Qxa7 Qc2+ 48. Kh3 Qc1 49. Qb8+ Kf7 50. Qxb7+ Kf6 51. Kg2 Qd2+ 52. Kf1 Qd3+ 53. Kf2 Qe3+ 54. Kg2 Qe2+ 55. Kg1 Qxf3 56. Qh7 Qxg4+ 57. Kf2 Qg3+ 58. Kf1 Qf3+ 59. Ke1 Qe4+ 60. Qxe4 dxe4 61. a4 Ke7 62. b5 Kd7 63. a5 Kc7 64. Ke2 g4 65. a6 Kb6 66. Kf2 e5 67. Kf1 e3 68. Ke2 e4 69. Ke1 f3 70. Kf1 g3 71. a7 Kxa7 72. Ke1 g2 73. Kd1 g1Q+ 74. Kc2 e2 75. Kb2 Qd4+ 76. Kc2 e1Q 77. b6+ Kb8 78. b7 Qed1# 0-1